00876cam a22002771a 4500001001300000003000400013005001700017008004100034010001700075035002000092040002600112042001200138050002100150100002900171240003200200245006400232260003300296300002100329500005900350500003800409505007700447700001600524740002100540740002000561999001700581he 67000496 DLC20260227111444.0861103s1964 nyu 000 1 yidr  ahe 67000496  a(OCoLC)19303258 aDLCcMHdTxUdOUdDLC apremarc00aPJ5053.H384bH381 aHazaz, Haim,d1898-1973.10aḤagorat mazalot.lYiddish14aDer ṭaykh geyṭ /cḤayim Hazaz ; Yidish, L. Olitsḳi. aNyu York :bDer Kval,c1964. a296 p. ;c24 cm. aTitle on t.p. verso: The river rolls = Der Teich geht. aTranslation of Ḥagorat mazalot.0 aAn ayngefalener horizonṭ. -- A ḥupe un a ringl.--Der ṭaykh geyṭ.1 aOlitsky, L.4 aThe river rolls.4 aDer Teich geht. c32222d32222